EPL Multiple Choice - Statistics

General Stats
  • This quiz has been taken 44 times
  • The average score is 8 of 15
Answer Stats
Question Answer % Correct
Which is incorrect Czech Republic; Rosicky, Bendtner, Cech
100%
Which is incorrect Finland; Solkjaer
100%
Which of the following players did not wear no. 7 Gareth Bale
100%
Which of the following players did not wear no. 9 Thierry Henry
100%
Which is incorrect Africa; Diaby, Toure, Drogba
67%
Which of the following players did not wear no. 2 Pablo Zabaleta
67%
Which nation has never had a player in the Premier League Pakistan
67%
Which is incorrect Thierry Henry, 14 & Dennis Bergkamp 9
67%
Which of the following players did not wear no. 3 Branislav Ivanovic
33%
Which of the following players did not wear no. 8 Paul Scholes
33%
Which of the following players did not wear no. 4 Rio Ferdinand
33%
Which of the following players did not wear no. 6 Roy Keane
33%
Which of the following players did not wear no. 10 Darren Bent
0%
Which player never played at the world cup whilst in the Premier League Michael Ballack
0%
Which ground has Wayne Rooney scored his most away goals at? Stamford Bridge
0%
No matching quizzes found
Score Distribution
Percent of People with Each Score
Percentile by Number Answered
Your Score History
You have not taken this quiz